000 00500nam a2200181Ia 4500
005 20250508151222.0
008 008 250505s9999 xx 000 0 eng d
037 _aReference
040 _aFEDL
_beng
_cFEDL
041 _aeng
_2eng
084 _a503, WES
_qFEDL
100 _aWest Michael
245 0 _aGeneral service list of english words
260 _aLondon, UK
_bLongmans, Green and Co.
_c1953
300 _axiii,588p.
942 _cREF
_h503, WES
999 _c1328291
_d1328291